000 00669nam a22001937a 4500
999 _c61683
_d61683
005 20240416163759.0
008 240416s2006 enk||||| |||| 00| 0 eng d
020 _a9780781757485x
041 _aeng
080 _a616.24 S-39
100 _aSchwartzstein, R. M.
_921823
245 _aRespiratory Physiology:
_bA Clinical Approach /
_cRichard M. Schwartzstein, Michael J. Parker.
264 _aPhiladelphia :
_bLWW,
_c2006.
300 _a232 p.:
_bill.;
_c26 cm.
653 _aრესპირატორული ფიზიოლოგია
653 _aმედიცინა
700 _aParker, Michael J.
_eავტორი
_921824
942 _2udc
_cBK